Culture générale - Statistiques

Statistiques générales
  • Ce quiz a été pris 58 fois
  • Le résultat moyen est 8 sur 20
Statistiques - réponses
Questions Réponses % Correct
Combien de points faut-il marquer au tennis de table pour remporter un set ? 11
74%
Qui était empereur du Japon lors de la Seconde Guerre mondiale ? Hirohito
58%
En quelle année la Guerre du Vietnam a-t-elle débuté ? 1955
57%
Quel compositeur est connu pour les ballets Le lac des cygnes et Casse-Noisette ? Piotr Ilitch Tchaïkovski
53%
De quel groupe Keith Richards est-il le guitariste ? The Rolling Stones
53%
Quel pays d'Asie a sur son drapeau un dragon ? Le Bhoutan
49%
Quel pays fut le premier à accorder le droit de vote aux femmes ? La Nouvelle-Zélande
45%
Quel département français compte le moins de communes ? Paris
45%
Quelle mer borde le Kazakhstan à l'Ouest ? La Mer Caspienne
43%
Quelle actrice détient le record du nombre de nominations aux Oscars ? Meryl Streep
40%
Quel est l'animal marin le plus rapide ? L'espadon
34%
Qui a écrit "L'art de la guerre", traité de stratégie militaire datant du Ve siècle avant JC, toujours enseigné aujourd'hui ? Sun Tzu
34%
Quel élément chimique a pour symbole Sn ? L'étain
32%
Quel dinosaure, dont le nom signifie "lézard rigide", a une queue servant de massue ? L'ankylosaure
25%
Dans Star Wars, comment s'appelle la planète où siège le Sénat ? Coruscant
23%
Quelle pièce de Molière, racontant l'histoire d'un manipulateur infiltré dans une famille, fut censurée à sa sortie en 1664 ? Le Tartuffe
23%
Comment s'appelait le cheval d'Alexandre le Grand ? Bucéphale
21%
Quel athlète américain s'est illustré aux Jeux Olympiques de 1936 à Berlin en remportant 4 médailles d'or ? Jesse Owens
21%
Quelle est la plus grande sous-espèce de tigre ? Tigre de Sibérie
17%
Quel évêque a conduit le procès de Jeanne d'Arc, la condamnant à mort en 1431 ? Pierre Cauchon
15%
Aucun quiz correspondant
Distribution des résultats
% des personnes avec chaque résultat
Percentile par nombre de réponses
Votre historique - résultats
Vous n’avez pas pris ce quiz